Bytový dom

Enregistré dans:
Détails bibliographiques
Auteur principal: Kozáčková, Monika (Auteur)
Autres auteurs: Mikolai, Imrich (Directeur de thèse)
Format: Manuscrit Livre
Langue:slovaque
Publié: 2023
Sujets:
Accès en ligne:http://is.stuba.sk/zp/portal_zp.pl?podrobnosti=179451
https://opac.crzp.sk/?fn=detailBiblioForm&sid=0A15AC6E5E2ED0F3D5D4C1342BCF
Tags: Ajouter un tag
Pas de tags, Soyez le premier à ajouter un tag!

MARC

LEADER 00000ntm a22000003a 4500
001 stuzp93856
003 SK-STU
005 20230919100724.3
007 ta
008 150427s2015----xo-----f-mn---000-0-slo-d
040 |a STU  |b slo 
041 0 |a slo 
100 1 |a Kozáčková, Monika  |u 010180  |4 aut  |U SvF Stavebná fakulta  |T SvF Katedra konštrukcií pozemných stavieb  |X 93321  |U V180  |Y 18  |7 93321 
242 0 1 |a Residential house  |y eng 
245 1 0 |a Bytový dom 
260 |c 2023 
650 4 |a novostavba  |2 slo 
650 4 |a bytový dom  |2 slo 
650 4 |a polyfunkčný objekt  |2 slo 
650 4 |a residential house  |2 eng 
650 4 |a multifunctional building  |2 eng 
650 4 |a new-building  |2 eng 
700 1 |a Mikolai, Imrich  |4 ths  |X 774  |7 A000000774 
856 4 |u http://is.stuba.sk/zp/portal_zp.pl?podrobnosti=179451 
856 4 |u https://opac.crzp.sk/?fn=detailBiblioForm&sid=0A15AC6E5E2ED0F3D5D4C1342BCF